| 000 | 00474nam a22001697a 4500 | ||
|---|---|---|---|
| 008 | 230221b |||||||| |||| 00| 0 eng d | ||
| 040 |
_aNational Science Library _cNational Science Library |
||
| 080 |
_aR 620.91(02) _bM1 |
||
| 100 | _aNorback, Peter | ||
| 245 | _aConsumer's energy handbook | ||
| 260 |
_aNew York: _bVan Nostrand Reinhold Company, _c1981 |
||
| 300 | _a362p. | ||
| 650 | _aHandbook | ||
| 653 | _aEnergy | ||
| 700 | _aNorback, Craig | ||
| 942 |
_2udc _cHDK |
||
| 999 |
_c46248 _d46248 |
||